000 00273nam a2200109Ia 4500
008 230907s9999||||xx |||||||||||||| ||und||
082 _a620.00151
_bZIL
100 _aZill, Dennis G.,
_91266
245 0 _aAdvanced engineering mathematics /
300 _a943 p.
942 _cBK
999 _c599994
_d599994